000 01324cam a2200229 4500
001 ##L132486
008 060213n2006 000 0 eng u
020 _a0117539600
035 _a(Sirsi) u132486
041 0 _aeng
050 0 4 _a306.76 $2 18
110 1 _aUnited Kingdom
_bDepartment for Communities and Local Government
_94939
245 0 0 _aPlanning for gypsy and traveller caravan sites
_h[electronic resource]
260 _aLondon
_bODPM
_c2006
520 _aThis Circular provides updated guidance on the planning aspects of finding sites for gypsies and travellers and how gypsies, travellers and local authorities can work together to achieve that aim. It replaces DoE Circular 01/94 "Gypsy sites and planning". It covers the planning process, transitional arrangements, sites in rural areas and the countryside, mixed planning use and major development projects. Also comments on applications, sustainability, enforcement, appeals, human rights, race relations and monitoring.
590 _aIKA140206
650 2 4 _aODPM CIRCULAR 01/2006
650 2 4 _aDOE CIRCULAR 01/1994
690 _aENVIRONMENTAL AND LAND CONSULTANCY-PLANNING AND DEVELOPMENT-DEVELOPMENT CONTROL
856 4 0 _uhttps://www.communities.gov.uk/index.asp?id=1163380
_vView the Circular free of charge at www.odpm.gov.uk...
942 _n0
999 _c105152
_d105152